LEADER 00829nam a2200241 i 4500 001 991001066469707536 005 20020502183131.0 008 950420s1994 it ||| | ita 020 $a8833906264 035 $ab11458902-39ule_inst 035 $aPRUMB54363$9ExL 040 $aDip. SSSC - Sociologia$bita 100 1 $aWiener, Norbert$02095 245 10$aDio & Golem s.p.a. :$bcibernetica e religione /$cNorbert Wiener 260 $aTorino :$bBollati Boringhieri,$c1994 300 $a134 p. , 22 cm. 440 4$aGli Archi 907 $a.b11458902$b21-09-06$c01-07-02 912 $a991001066469707536 945 $aLE021 NLA40$g1$i2021000213854$lle021$o-$pE0.00$q-$rl$s- $t0$u1$v0$w1$x0$y.i11646718$z01-07-02 996 $aDio & Golem s.p.a$9336541 997 $aUNISALENTO 998 $ale021$b01-01-95$cm$da $e-$fita$git $h0$i1 LEADER 01524nam a22003371i 4500 001 991000828779707536 005 20021111092937.0 008 021031s1965 it |||||||||||||||||ita 035 $ab12061062-39ule_inst 035 $aARCHE-015086$9ExL 040 $aDip.to Lingue$bita 082 04$a408 100 1 $aMartinet, André$0391334 245 13$aLa considerazione funzionale del linguaggio /$cAndré Martinet 260 $aBologna :$bIl mulino,$c1965 300 $a232 p. ;$c22 cm 490 0 $aCollezione di testi e di studi.$pLinguistica e critica letteraria 500 $aTrad. di G. Madonia. 650 4$aLinguistica 700 1 $aMadonia, Giovanni 765 0 $tfunctional view of language 907 $a.b12061062$b28-04-17$c01-04-03 912 $a991000828779707536 945 $aLE008 Ist. Glott. VI D 20$g2$i2008000474539$lle008$o-$pE0.00$q-$rl$s- $t0$u0$v0$w0$x0$y.i12356840$z01-04-03 945 $aLE008 Ist. Glott. H 79$g3$i2008000485061$lle008$o-$pE0.00$q-$rl$s- $t0$u0$v0$w0$x0$y.i12356852$z01-04-03 945 $aLE008 LLI.S II C 9$g1$i2008000264550$lle008$o-$pE0.00$q-$rl$s- $t0$u0$v0$w0$x0$y.i12356864$z01-04-03 945 $aLE012 F 87$g1$i2012000089648$lle012$o-$pE0.00$q-$rl$s- $t0$u0$v0$w0$x0$y.i12840798$z13-11-03 945 $aLE022 MP 79 F 36$g1$i2022000159661$lle022$o-$pE0.00$q-$rl$s- $t0$u0$v0$w0$x0$y.i13835208$z06-09-04 996 $aConsiderazione funzionale del linguaggio$9143820 997 $aUNISALENTO 998 $ale008$ale012$ale022$b01-04-03$cm$da $e-$fita$git $h3$i3